<?xml version="1.0" encoding="UTF-8"?>
<record
    xmlns:xsi="http://www.w3.org/2001/XMLSchema-instance"
    xsi:schemaLocation="http://www.loc.gov/MARC21/slim http://www.loc.gov/standards/marcxml/schema/MARC21slim.xsd"
    xmlns="http://www.loc.gov/MARC21/slim">

  <leader>00487nam a2200181   4500</leader>
  <controlfield tag="003">SEACOMEC</controlfield>
  <controlfield tag="005">20240823125509.0</controlfield>
  <controlfield tag="008">240807b        |||||||| |||| 00| 0 eng d</controlfield>
  <datafield tag="020" ind1=" " ind2=" ">
    <subfield code="a">0387984917</subfield>
  </datafield>
  <datafield tag="040" ind1=" " ind2=" ">
    <subfield code="a">SEACOMEC</subfield>
  </datafield>
  <datafield tag="082" ind1=" " ind2=" ">
    <subfield code="a">511.5</subfield>
    <subfield code="b">B692</subfield>
  </datafield>
  <datafield tag="100" ind1=" " ind2=" ">
    <subfield code="a"> Bollobas, Bela.</subfield>
  </datafield>
  <datafield tag="245" ind1=" " ind2=" ">
    <subfield code="a">Modern graph theory/ </subfield>
    <subfield code="c">Bela Bollobas.</subfield>
  </datafield>
  <datafield tag="260" ind1=" " ind2=" ">
    <subfield code="a">New Delhi </subfield>
    <subfield code="b">Springer, </subfield>
    <subfield code="c">2005</subfield>
  </datafield>
  <datafield tag="300" ind1=" " ind2=" ">
    <subfield code="a">xiii, 394 p. : ill. ; 25 cm.</subfield>
  </datafield>
  <datafield tag="440" ind1=" " ind2=" ">
    <subfield code="a"> Graduate texts in mathematics, 184.</subfield>
  </datafield>
  <datafield tag="942" ind1=" " ind2=" ">
    <subfield code="c">BOOK</subfield>
  </datafield>
  <datafield tag="952" ind1=" " ind2=" ">
    <subfield code="0">0</subfield>
    <subfield code="1">0</subfield>
    <subfield code="2">ddc</subfield>
    <subfield code="4">0</subfield>
    <subfield code="7">0</subfield>
    <subfield code="a">SEACOMEC</subfield>
    <subfield code="b">SEACOMEC</subfield>
    <subfield code="d">2007-04-24</subfield>
    <subfield code="l">0</subfield>
    <subfield code="o">511.5 B692</subfield>
    <subfield code="p">6582</subfield>
    <subfield code="r">2024-08-07 15:23:50</subfield>
    <subfield code="w">2024-08-07</subfield>
    <subfield code="y">REF</subfield>
  </datafield>
  <datafield tag="952" ind1=" " ind2=" ">
    <subfield code="0">0</subfield>
    <subfield code="1">0</subfield>
    <subfield code="2">ddc</subfield>
    <subfield code="4">0</subfield>
    <subfield code="7">0</subfield>
    <subfield code="a">SEACOMEC</subfield>
    <subfield code="b">SEACOMEC</subfield>
    <subfield code="d">2007-04-24</subfield>
    <subfield code="l">0</subfield>
    <subfield code="o">511.5 B692</subfield>
    <subfield code="p">6583</subfield>
    <subfield code="r">2024-08-07 15:23:50</subfield>
    <subfield code="t">1</subfield>
    <subfield code="w">2024-08-07</subfield>
    <subfield code="y">BOOK</subfield>
  </datafield>
  <datafield tag="952" ind1=" " ind2=" ">
    <subfield code="0">0</subfield>
    <subfield code="1">0</subfield>
    <subfield code="2">ddc</subfield>
    <subfield code="4">0</subfield>
    <subfield code="7">0</subfield>
    <subfield code="a">SEACOMEC</subfield>
    <subfield code="b">SEACOMEC</subfield>
    <subfield code="d">2007-04-24</subfield>
    <subfield code="l">0</subfield>
    <subfield code="o">511.5 B692</subfield>
    <subfield code="p">6584</subfield>
    <subfield code="r">2024-08-07 15:23:50</subfield>
    <subfield code="t">2</subfield>
    <subfield code="w">2024-08-07</subfield>
    <subfield code="y">BOOK</subfield>
  </datafield>
  <datafield tag="952" ind1=" " ind2=" ">
    <subfield code="0">0</subfield>
    <subfield code="1">0</subfield>
    <subfield code="2">ddc</subfield>
    <subfield code="4">0</subfield>
    <subfield code="7">0</subfield>
    <subfield code="a">SEACOMEC</subfield>
    <subfield code="b">SEACOMEC</subfield>
    <subfield code="d">2007-04-24</subfield>
    <subfield code="l">0</subfield>
    <subfield code="o">511.5 B692</subfield>
    <subfield code="p">6585</subfield>
    <subfield code="r">2024-08-07 15:23:50</subfield>
    <subfield code="t">3</subfield>
    <subfield code="w">2024-08-07</subfield>
    <subfield code="y">BOOK</subfield>
  </datafield>
  <datafield tag="952" ind1=" " ind2=" ">
    <subfield code="0">0</subfield>
    <subfield code="1">0</subfield>
    <subfield code="2">ddc</subfield>
    <subfield code="4">0</subfield>
    <subfield code="7">0</subfield>
    <subfield code="a">SEACOMEC</subfield>
    <subfield code="b">SEACOMEC</subfield>
    <subfield code="d">2007-04-24</subfield>
    <subfield code="l">0</subfield>
    <subfield code="o">511.5 B692</subfield>
    <subfield code="p">6586</subfield>
    <subfield code="r">2024-08-07 15:23:50</subfield>
    <subfield code="t">4</subfield>
    <subfield code="w">2024-08-07</subfield>
    <subfield code="y">BOOK</subfield>
  </datafield>
  <datafield tag="952" ind1=" " ind2=" ">
    <subfield code="0">0</subfield>
    <subfield code="1">0</subfield>
    <subfield code="2">ddc</subfield>
    <subfield code="4">0</subfield>
    <subfield code="7">0</subfield>
    <subfield code="a">SEACOMEC</subfield>
    <subfield code="b">SEACOMEC</subfield>
    <subfield code="d">2007-07-31</subfield>
    <subfield code="l">0</subfield>
    <subfield code="o">511.5 B692</subfield>
    <subfield code="p">7755</subfield>
    <subfield code="r">2024-08-23 12:58:03</subfield>
    <subfield code="t">5</subfield>
    <subfield code="w">2024-08-23</subfield>
    <subfield code="y">BOOK</subfield>
  </datafield>
  <datafield tag="952" ind1=" " ind2=" ">
    <subfield code="0">0</subfield>
    <subfield code="1">0</subfield>
    <subfield code="2">ddc</subfield>
    <subfield code="4">0</subfield>
    <subfield code="7">0</subfield>
    <subfield code="a">SEACOMEC</subfield>
    <subfield code="b">SEACOMEC</subfield>
    <subfield code="d">2007-07-31</subfield>
    <subfield code="l">0</subfield>
    <subfield code="o">511.5 B692</subfield>
    <subfield code="p">7756</subfield>
    <subfield code="r">2024-08-23 12:58:03</subfield>
    <subfield code="t">6</subfield>
    <subfield code="w">2024-08-23</subfield>
    <subfield code="y">BOOK</subfield>
  </datafield>
  <datafield tag="952" ind1=" " ind2=" ">
    <subfield code="0">0</subfield>
    <subfield code="1">0</subfield>
    <subfield code="2">ddc</subfield>
    <subfield code="4">0</subfield>
    <subfield code="7">0</subfield>
    <subfield code="a">SEACOMEC</subfield>
    <subfield code="b">SEACOMEC</subfield>
    <subfield code="d">2007-07-31</subfield>
    <subfield code="l">0</subfield>
    <subfield code="o">511.5 B692</subfield>
    <subfield code="p">7757</subfield>
    <subfield code="r">2024-08-23 12:58:03</subfield>
    <subfield code="t">7</subfield>
    <subfield code="w">2024-08-23</subfield>
    <subfield code="y">BOOK</subfield>
  </datafield>
  <datafield tag="952" ind1=" " ind2=" ">
    <subfield code="0">0</subfield>
    <subfield code="1">0</subfield>
    <subfield code="2">ddc</subfield>
    <subfield code="4">0</subfield>
    <subfield code="7">0</subfield>
    <subfield code="a">SEACOMEC</subfield>
    <subfield code="b">SEACOMEC</subfield>
    <subfield code="d">2007-07-31</subfield>
    <subfield code="l">0</subfield>
    <subfield code="o">511.5 B692</subfield>
    <subfield code="p">7758</subfield>
    <subfield code="r">2024-08-23 12:58:03</subfield>
    <subfield code="t">8</subfield>
    <subfield code="w">2024-08-23</subfield>
    <subfield code="y">BOOK</subfield>
  </datafield>
  <datafield tag="999" ind1=" " ind2=" ">
    <subfield code="c">1535</subfield>
    <subfield code="d">1535</subfield>
  </datafield>
</record>
